000 00504nam a22001577a 4500
999 _c60505
_d60505
005 20230808163933.0
008 230808s1965 enk||||| |||| 00| 0 eng d
041 _aeng
080 _a902.2 B-17
100 _aBakry, H.S.K.
_919640
245 _aA Brief Study of Mummies and Mummification
_cH.S.K. Bakry.
264 _aCairo,
_c1965.
300 _a62 p. :
_bill.;
_c20 cm.
653 _aმუმიებისა და მუმიფიკაციის შესწავლა
942 _2udc
_cBK